000 01064cam a2200361 i 4500
001 0000656
003 DO-SdBNP
005 20240521125626.0
007 0000656
008 100514s 2010 sp | 000 f spa
015 _a
017 _a
_b
020 _a9788403100886
035 _a
040 _aBPMSU
_bspa
_cBPMSU
_e
080 _a
082 4 _a372.4
_bP257s 2010
_222
100 1 _aParodi, Giovanni
245 1 0 _aSaber leer /
_cGiovanni Parodi, (coord.) ; Marianne Peronard, Romualdo Ibáñez
260 _aMadrid :
_bInstituto Cervantes;
_bAguilar,
_c2010.
300 _a223 p.;
_c24 cm
500 _aIncluye referencias bibliográficas y notas al pie de las páginas
504 _aBibliografía p: 211-223
590 _aInventariado, 2024/VM
650 4 _aComprensión de lectura
650 4 _aLectura y escritura
_xEnseñanza
650 4 _xPsicolingüística
700 1 _aParodi, Giovanni
700 1 _aIbáñez, Romualdo
710 2 _3Instituto Cervantes
910 _aVMateo V. Control de calidad. BPMSU
942 _2ddc
_cBK
999 _c11322
_d11322